Vista normal Vista MARC

Entrada Materia (personas)

Número de registros utilizados en: 1

001 - CONTROL NUMBER

  • control field: 162537

003 - CONTROL NUMBER IDENTIFIER

  • control field: Co-BoUCM

005 - DATE AND TIME OF LATEST TRANSACTION

  • control field: 20211110134857.0

008 - FIXED-LENGTH DATA ELEMENTS

  • fixed length control field: 211110|| aca||aabn | a|a d

040 ## - CATALOGING SOURCE

  • Original cataloging agency: Co-BoUCM
  • Transcribing agency: Co-BoUCM

100 ## - HEADING--PERSONAL NAME

  • Personal name: Kleist, Heinrich Von
  • Dates associated with a name: 1777-1811

670 ## - SOURCE DATA FOUND

  • Source citation: Work cat.: (Co-BoUCM)48514: Kleist, Heinrich Von 1777-1811., La marquesa de O... y otros cuentos, 1992